000 00291nam a22001337a 4500
008 170712b xxu||||| |||| 00| 0 eng d
020 _a443080356
041 _aeng
080 _a038
100 _a23
101 _aFJA
245 _aPOCKET MEDICAL DICTIONARY
_cROPER.N
942 _2udc
_cBK
999 _c20316
_d20316